书目信息 |
| 题名: |
《实践论》《矛盾论》解说
|
|
| 作者: | 李达 著 | |
| 分册: | ||
| 出版信息: | 北京 三联书店 1979 |
|
| 页数: | 342页 | |
| 开本: | 19cm | |
| 丛书名: | ||
| 单 册: | ||
| 中图分类: | A841.23 , A842.2 | |
| 科图分类: | ||
| 主题词: | 毛泽东著作研究-矛盾论 , 毛泽东思想:哲学思想--研究 , 哲学思想:毛泽东思想--研究 , 毛泽东著作研究-实践论 , 毛泽东著作研究 , 毛泽东著作--学习 | |
| 电子资源: | ||
| ISBN: | ||
| 000 | 00971nam0 2200337 45 | |
| 001 | 0179003805 | |
| 005 | 20060727083524.90 | |
| 010 | @dCNY0.71 | |
| 091 | @a2002.233 | |
| 100 | @a19950712d1979 em y0chiy0121 ea | |
| 101 | 0 | @achi |
| 102 | @aCN@b110000 | |
| 105 | @ay z 000yy | |
| 200 | 12 | @a《实践论》《矛盾论》解说@Ashi jian lun mao dun lun jie shuo@f李达著 |
| 210 | @a北京@c三联书店@d1979 | |
| 215 | @a342页@d19cm | |
| 517 | 1 | @a实践论解说@Ashi jian lun jie shuo |
| 517 | 1 | @a矛盾论解说@Amao dun lun jie shuo |
| 605 | @a实践论@x毛泽东著作研究 | |
| 605 | @a矛盾论@x毛泽东著作研究 | |
| 606 | @a毛泽东著作研究-矛盾论 | |
| 606 | @a毛泽东思想:哲学思想@x研究 | |
| 606 | @a哲学思想:毛泽东思想@x研究 | |
| 606 | @a毛泽东著作研究-实践论 | |
| 606 | 0 | @a毛泽东著作研究 |
| 606 | 0 | @a毛泽东著作@x学习 |
| 690 | @aA841.23@v3 | |
| 690 | @aA842.2 | |
| 701 | 0 | @a李达@Ali da@4著 |
| 801 | 0 | @aCN@bNLC@c20060727 |
| 905 | @f1@b73703@f1@b231078@dA842.2@e2 | |
| 《实践论》《矛盾论》解说/李达著.-北京:三联书店,1979 |
| 342页;19cm |
| ISBN :CNY0.71 |
| ● |
| 相关链接 |
|
|
|
|
正题名:《实践论》《矛盾论》解说
索取号:A842.2/2
 
预约/预借
| 序号 | 登录号 | 条形码 | 馆藏地/架位号 | 状态 | 备注 |
| 1 | 0073702 | 001389349 | 第一样本阅览室/ [索取号:A842.2/2] | 在馆 | |
| 2 | 0073703 | 001888764 | 密集书库/ [索取号:A842.2/2] | 在馆 | |
| 3 | 0231075 | 001789309 | 密集书库/ [索取号:A842.2/2] | 在馆 | |
| 4 | 0231076 | 001788925 | 密集书库/ [索取号:A842.2/2] | 在馆 | |
| 5 | 0231077 | 001389385 | 第一借阅区/ [索取号:A842.2/2] | 在馆 | |
| 6 | 0231078 | 001888755 | 密集书库/ [索取号:A842.2/2] | 在馆 | |
| 7 | 0439855 | 204398552 | 密集书库/ [索取号:A842.2/2] | 在馆 |